Gabriela Mistral : selección poética /
Guardado en:
| Autor Principal: | |
|---|---|
| Otros Autores: | |
| Formato: | Libro |
| Idioma: | Undetermined |
| Publicado: |
Buenos Aires :
Kalandraka,
2014.
|
| Materias: | |
| Etiquetas: |
Agregar Etiqueta
Sin Etiquetas, Sea el primero en etiquetar este registro!
|
| LEADER | 00971nam a22002295a 4500 | ||
|---|---|---|---|
| 001 | CEM.cems019541 | ||
| 008 | 220914s2014####ag############000#0#und#d | ||
| 005 | 20220914090751.0 | ||
| 245 | 1 | 0 | |a Gabriela Mistral : |b selección poética / |c Gabriela Mistral; ilustrado por Paloma Valdivia. |
| 260 | |a Buenos Aires : |b Kalandraka, |c 2014. | ||
| 300 | |a 48 p. | ||
| 505 | 0 | |a a manca -- Canción de pescadores -- Botoncito -- ¿En dónde tejemos la ronda? -- Ronda de los aromas -- Ronda de los colores -- Todo es ronda -- La cajita de Olinalá -- Miedo -- Todos íbamos a ser reinas -- doña primavera -- canción del maizal -- estrella de navidad | |
| 020 | |a 9789871217656 | ||
| 100 | 1 | |a Mistral, Gabriela. | |
| 700 | 1 | |a Valdivia, Paloma; il. | |
| 653 | |a Literatura | ||
| 653 | |a Literatura chilena | ||
| 653 | |a Poesía chilena | ||
| 653 | |a Poesía | ||
| 653 | |a Poesía juvenil | ||
| 653 | |a Poesía infantil | ||
| 859 | |a CEMS |b BIB. CEMS - Inicial y Primaria |h Ch861.4 |i M691 |p 5548 |t Ej.1 | ||
